| 000 | 00501nam a2200181Ia 4500 | ||
|---|---|---|---|
| 999 |
_c14882 _d14882 |
||
| 003 | OSt | ||
| 005 | 20201027101621.0 | ||
| 008 | 190216s9999||||xx |||||||||||||| ||und|| | ||
| 020 | _a81826900056 | ||
| 040 | _coclc | ||
| 082 |
_a823.912 _bMUN/S |
||
| 100 |
_aMunro, H H _95520 |
||
| 245 | 0 |
_aSelected Stories Saki / _cH H Munro |
|
| 260 |
_bBlack Rose Publications, _c2012. _aDelhi: |
||
| 300 | _a288p | ||
| 650 | _aEnglish | ||
| 942 |
_cBK _2ddc _h823.912 _iMUN/S _k823.912 _mMUN/S |
||